Screening of segregating population of brinjal (Solanum melongena L.) for resistance to bacterial wilt and tolerance to shoot and fruit borer (Record no. 374472)
[ view plain ]
| 000 -LEADER | |
|---|---|
| fixed length control field | 00789nam a22002297a 4500 |
| 082 ## - DEWEY DECIMAL CLASSIFICATION NUMBER | |
| Classification number | 630.28 |
| Item number | AMI/SC PG |
| 100 ## - MAIN ENTRY--PERSONAL NAME | |
| Personal name | Amina Aftab |
| 245 ## - TITLE STATEMENT | |
| Title | Screening of segregating population of brinjal (Solanum melongena L.) for resistance to bacterial wilt and tolerance to shoot and fruit borer |
| 260 ## - PUBLICATION, DISTRIBUTION, ETC. (IMPRINT) | |
| Place of publication, distribution, etc | Vellanikkara |
| Name of publisher, distributor, etc | Department of Plant Breeding and Genetics, College of Agriculture |
| Date of publication, distribution, etc | 2026 |
| 300 ## - PHYSICAL DESCRIPTION | |
| Extent | 124,xxxiiip. |
| 502 ## - DISSERTATION NOTE | |
| Dissertation note | MSc |
| 650 ## - SUBJECT ADDED ENTRY--TOPICAL TERM | |
| Topical term or geographic name as entry element | Plant Breeding and genetics |
| 650 ## - SUBJECT ADDED ENTRY--TOPICAL TERM | |
| Topical term or geographic name as entry element | Segregating population |
| 650 ## - SUBJECT ADDED ENTRY--TOPICAL TERM | |
| Topical term or geographic name as entry element | Brinjal |
| 650 ## - SUBJECT ADDED ENTRY--TOPICAL TERM | |
| Topical term or geographic name as entry element | Solanum melongena L. |
| 650 ## - SUBJECT ADDED ENTRY--TOPICAL TERM | |
| Topical term or geographic name as entry element | Bacterial wilt |
| 650 ## - SUBJECT ADDED ENTRY--TOPICAL TERM | |
| Topical term or geographic name as entry element | Fruit borer |
| 700 ## - ADDED ENTRY--PERSONAL NAME | |
| Personal name | Jiji Joseph(Guide) |
| 856 ## - ELECTRONIC LOCATION AND ACCESS | |
| Uniform Resource Identifier | https://krishikosh.egranth.ac.in/handle/1/5810236246 |
| 942 ## - ADDED ENTRY ELEMENTS (KOHA) | |
| Source of classification or shelving scheme | Dewey Decimal Classification |
| Item type | Theses |
| Not for loan | Collection code | Home library | Current library | Shelving location | Date acquired | Full call number | Barcode | Date last seen | Koha item type |
|---|---|---|---|---|---|---|---|---|---|
| Not For Loan | Thesis | KAU Central Library, Thrissur | KAU Central Library, Thrissur | Technical Processing Division | 28/02/2026 | 630.28 AMI/SC PG | 176782 | 28/02/2026 | Theses |
